<?xml version="1.0" encoding="UTF-8"?><?xml-stylesheet type="text/xsl" href="static/style.xsl"?><OAI-PMH xmlns="http://www.openarchives.org/OAI/2.0/" xmlns:xsi="http://www.w3.org/2001/XMLSchema-instance" xsi:schemaLocation="http://www.openarchives.org/OAI/2.0/ http://www.openarchives.org/OAI/2.0/OAI-PMH.xsd"><responseDate>2026-04-14T16:59:01Z</responseDate><request verb="GetRecord" identifier="oai:uvadoc.uva.es:10324/43376" metadataPrefix="marc">https://uvadoc.uva.es/oai/request</request><GetRecord><record><header><identifier>oai:uvadoc.uva.es:10324/43376</identifier><datestamp>2021-06-18T07:53:20Z</datestamp><setSpec>com_10324_38</setSpec><setSpec>col_10324_787</setSpec></header><metadata><record xmlns="http://www.loc.gov/MARC21/slim" xmlns:doc="http://www.lyncode.com/xoai" xmlns:xsi="http://www.w3.org/2001/XMLSchema-instance" xmlns:dcterms="http://purl.org/dc/terms/" xsi:schemaLocation="http://www.loc.gov/MARC21/slim http://www.loc.gov/standards/marcxml/schema/MARC21slim.xsd">
<leader>00925njm 22002777a 4500</leader>
<datafield tag="042" ind1=" " ind2=" ">
<subfield code="a">dc</subfield>
</datafield>
<datafield tag="720" ind1=" " ind2=" ">
<subfield code="a">González Moral, Rodrigo</subfield>
<subfield code="e">author</subfield>
</datafield>
<datafield tag="260" ind1=" " ind2=" ">
<subfield code="c">2020</subfield>
</datafield>
<datafield tag="520" ind1=" " ind2=" ">
<subfield code="a">En este documento se desarrollará una propuesta para la didáctica de la Geología&#xd;
tomando como referencia los yacimientos paleontológicos de Castilla y León, aunando&#xd;
el conocimiento de los dinosaurios, las eras geológicas implicadas en el paisaje y como&#xd;
el tipo de paisaje condiciona la aparición de diferentes clases de rocas según su edad.&#xd;
Para su desarrollo, analizaremos los diferentes yacimientos presentes en la región,&#xd;
encontrados fundamentalmente en la zona del Sistema Ibérico, en Burgos y Soria. La&#xd;
zona de la Sierra de la Demanda y la Sierra de Urbión, por su naturaleza geológica y la&#xd;
datación de sus estratos, presentan la mayor concentración de restos fósiles de la&#xd;
región. Se observa que las ubicaciones más accesibles corresponden al estudio de icnitas&#xd;
de dinosaurios. Estas icnitas corresponden a rastros de huellas dejadas por estos&#xd;
animales hace millones de años que, por la naturaleza del suelo, han conseguido&#xd;
preservarse hasta nuestros días.</subfield>
</datafield>
<datafield tag="024" ind2=" " ind1="8">
<subfield code="a">http://uvadoc.uva.es/handle/10324/43376</subfield>
</datafield>
<datafield tag="245" ind1="0" ind2="0">
<subfield code="a">Análisis de los yacimientos paleontológicos visitables en Castilla y León como recurso docente en Geología</subfield>
</datafield>
</record></metadata></record></GetRecord></OAI-PMH>